Queen songs by pictures - Statistics

General Stats
  • This quiz has been taken 73 times
  • The average score is 6 of 9
Answer Stats
Picture Answer % Correct
Radio Ga Ga
95%
We are the Champions
93%
Bicycle race
85%
Another one bites the dust
80%
I want to break free
77%
Crazy little thing called love
54%
Liar
49%
Mustapha
28%
Tie your mother down
20%
No matching quizzes found
Score Distribution
Percent of People with Each Score
Percentile by Number Answered
Your Score History
You have not taken this quiz